000 00588nam a2200193 a 4500
005 20140310183502.0
008 100324s19uu xx 00 eng d
020 _a8126132469
050 _aTX 911
_b.M595 2008
100 _aMetti, M.C.
245 _aHotel planning management /
_cM.C. Metti.
260 _aNew Delhi, India :
_bAnmol Publications PVT. LTD,
_c2008.
300 _a283 p. :
_c20 cm.
521 _aTOU
650 _aHotel management
_xStudy and teaching (Higher).
650 _aHotels
_xPlanning
_xStudy and teaching (Hogher).
942 _cBK
_2lcc
_kFOR
999 _c23939
_d23939